Quizzes
Events
Quiz Creation
Community
Videos
Private Events
Remove Ads
Sign In
Join for FREE
Feedback
Dark Mode
Quiz Categories
Sports
Geography
Music
Movies
Television
Just For Fun
Miscellaneous
History
Literature
Language
Science
Gaming
Entertainment
Religion
Holiday
For Kids
Quiz Lab
Recent
Popular Today
Quiz Kudos Today
Editor Picks
Curator Picks
Quizzes by...
Day
Popularity
Type
Ratings
Length
Year
Community
Subscriptions
Recent Discussions
Orange Saloon
Badges
Playlists
Quests
Create
Leaderboards
Showdown
Live 5
Trivia Bingo
Activity
Puzzle Library
Sporcle Events
Private Events
Virtual Trivia
Globe League
Become a Host
Pub Owners
SporcleCon
Opinionation
Our Games
Videos
Blog
Mobile Apps
Partnerships
Remove Ads and Go Orange
Feedback
Gaming
Video Games
Board Games
Card Games
Pokémon
Mario
Nintendo
Minecraft
Console
Toys
Legend of Zelda
Gaming
Video Games
Board Games
Card Games
Pokémon
Mario
Nintendo
Minecraft
Console
Toys
Legend of Zelda
Random Quiz
Search Sporcle
×
Quiz Lab
Quiz Lab
Gaming
Team Fortress 2
Type in answers that appear in a list
Type in answers that appear in a list
Classic
Best Score? Go Orange.
Team Fortress 2 Hats Stats
Can you name the Team Fortress 2 Hats?
By
Harry1694
18m
83 Questions
33 Plays
33 Plays
33 Plays
Comments
Comments
Give Quiz Kudos
Give Quiz Kudos
-
- Ratings
hide this ad
Replay
Link that replays current quiz
Next Quiz
Link to next quiz in quiz playlist
You Got
0%
They Got
Avg Score
25%
Avg Friend Score
Upgrade to see
Score Distribution
Jump to the score distribution portion of the page
Score
0/83
Timer
18:00
0
Plays Today
Class
Hat
% Correct
Scout
Bonk Helm
68.8%
Scout
Batter's Helmet
65.6%
Scout
The Milkman
56.3%
Scout
Ye Olde Baker Boy
53.1%
Scout
Troublemaker's Tossle Cap
50%
Soldier
Soldier's Stash
46.9%
All
Ghastly Gibus
46.9%
Soldier
Tyrant's Helm
43.8%
Scout
Baseball Bill's Sports Shine
40.6%
Sniper
Trophy Belt
40.6%
All
Modest Pile Of Hat
40.6%
All
Bill's Hat
40.6%
Scout
Whoopee Cap
37.5%
Soldier
Stainless Pot
37.5%
Pyro
Pyro's Beanie
37.5%
All
Towering Pillar Of Hats
37.5%
All
Max's Severed Head
37.5%
Scout
Bombing Run
34.4%
Pyro
Brigade Helm
34.4%
Pyro
Respectless Rubber Glove
34.4%
Pyro
Vintage Merryweather
34.4%
Pyro
The Attendant
34.4%
Sniper
Ol' Snaggletooth
34.4%
All
Ellis's Cap
34.4%
Soldier
Killer's Kabuto
31.3%
Soldier
Sergeant's Drill Hat
31.3%
Demoman
Demoman's Fro
31.3%
Heavy
Football Helmet
31.3%
Class
Hat
% Correct
Sniper
Master's Yellow Belt
31.3%
Spy
Fancy Fedora
31.3%
Heavy
Hound Dog
28.1%
Engineer
Texas Ten Gallon
28.1%
Spy
Familiar Fez
28.1%
All
Noble Amassment Of Hats
28.1%
All
Alien Swarm Parasite
28.1%
Soldier
Lumbricus Lid
25%
Heavy
Officer's Ushanka
25%
Heavy
Heavy Duty Rag
25%
Engineer
Mining Light
25%
Engineer
Hotrod
25%
Medic
Gentleman's Gatsby
25%
Soldier
Grenadier's Soft Cap
21.9%
Pyro
Napper's Respite
21.9%
Demoman
Scotsman's Stove Pipe
21.9%
Demoman
Hustler's Hallmark
21.9%
Demoman
Tippler's Tricorne
21.9%
Heavy
Tough Guy's Toque
21.9%
Engineer
Safe'n'Sound
21.9%
Medic
Ze Goggles
21.9%
Sniper
Shooter's Sola Topi
21.9%
All
Mann Co. Cap
21.9%
All
Wiki Cap
21.9%
All
Cheater's Lament
21.9%
Soldier
Chieftain's Challenge
18.8%
Engineer
Engineer's Cap
18.8%
Medic
Prussian Pickelhaube
18.8%
Class
Hat
% Correct
Soldier
Dr.'s Dapper Topper
18.8%
Sniper
Professional's Panama
18.8%
Sniper
Bloke's Bucket Hat
18.8%
Sniper
Ritzy Rick's Hair Fixative
18.8%
Spy
Backbiter's Billycock
18.8%
Pyro
Triboniophorus Tyrannus
15.6%
Pyro
Old Guadalajara
15.6%
Demoman
Sober Stuntman
15.6%
Engineer
Texas Slim's Dome Shine
15.6%
Medic
Otolaryngologist's Mirror
15.6%
Spy
Frenchman's Beret
15.6%
All
Mildly Disturbing Halloween Mask
15.6%
Heavy
Hard Counter
12.5%
Heavy
Pugilist's Protector
12.5%
Medic
Vintage Tyrolean
12.5%
Soldier
Stout Shako
9.4%
Pyro
Handyman's Handle
9.4%
Spy
Magistrate's Mullet
9.4%
Heavy
Cadaver's Cranium
9.4%
All
Class Mask
9.4%
All
Voodoo Juju
9.4%
Demoman
Glengarry Bonnet
6.3%
All
Horseless Headless Horsemann's Head
6.3%
All
Saxton Hale Mask
6.3%
All
Spine-Chilling Skull
6.3%
Demoman
Carouser's Capotain
3.1%
All
Horrific Headsplitter
3.1%
Quiz Playlist
Details
Report
Send in Message
Add To Playlist
Classic:
Type in answers that appear in a list
Last Updated: Feb 16, 2017
Quiz Scoreboard
CHALLENGE
Sign Up to Join the Scoreboard
Show All
Scores
Hide
Comments
May contain spoilers
Recently Published
Movies - When Are They Set?
by FPL_Elf
Movies
5m
Popular People in 1961
by mucciniale
History
6m
1-10 Letter E Words III
by El_Dandy
Language
2m
More to Explore
Quiz From the Vault
Featured Blog Post
Where Did the Easter Bunny Come From?
hide this ad
You Might Also Like...
Tags
class
fortress
hat
team
Team Fortress
Team Fortress 2
Today's Top Quizzes in Gaming
Browse Gaming
hide this ad
Today's Top Quizzes in Team Fortress 2
Browse Team Fortress 2
Top Contributed Quizzes in Gaming
1
Destiny 2 exotic weapons by perk icons
2
Ultimate Genshin Impact Logic Puzzle (up to 4.3)
3
Genshin Impact Logic Puzzle Quiz
4
Who's on the WWE 2K24 Cover?
5
Windmill: Pokémon
6
Franchise by Action Figure
7
Legendary or Exotic?
8
Overwatch 2: Ultimate Ability Icons
9
Overwatch 2 Heroes by Selection Quote
10
Genshin murder mystery
Explore More
Trending Topics
Harry Potter
NBA
Disney
Crossword
Anime
Marvel
Kpop
Country
Song
WWE
Puzzle
Pokémon
Soccer
NFL
The Office
hide this ad
More By:
Harry1694
Quiz
Plays
Rating
Category
Featured
Created
Lord of the Rings Quotes?
363
3.40
Movies
Dec 19, 2010
Monster Hunter Colour Variations
279
2.00
Gaming
Mar 25, 2010
RuneScape Summoning Familiars
66
4.33
Gaming
Dec 12, 2010
Kingdoms in The Elenium
56
Literature
Mar 25, 2010
Team Fortress 2 Hats
33
3.00
Gaming
Oct 24, 2010
Go to Creator's Profile
Score Distribution
Quiz Creator Spotlight
Harry1694
Follow
Send a Message
Quizzes Created
-
Created Quiz Play Count
-
More By This Creator
Popular Quizzes Today
1
Find the Countries of Europe - No Outlines Minefield
2
Find the US States - No Outlines Minefield
3
The Countries of the World
4
Popular People in 1961
5
1-10 Letter E Words III
6
US States
7
Find the US States
8
One Thing in Common: World Cities II
More Gaming Quizzes
Scrabble 1 Point Minefield
Published
Trending Quizzes
Risky Map Clicking: Least Populous States A-Z
1-10 Letter F Words
Humor Books: The Subtitles
1-10 Letter G Words
One Thing in Common: United Kingdom
Recently Updated
Leaping Animals
pecheneg
Reality TV Shows (A-Z)
bhenderson79
Rickey Henderson's Hall of Fame Teammates
pecheneg
Champions League XIs: Arsenal
pecheneg
Quick Pick: Celebrities in WWE's Hall of Fame
aduchscher
A-Z Keypad Blitz II
pecheneg
Multiple Oscar Actors
pecheneg
Mystery Phrase Blitz: Oscar 'Best Actors'
pecheneg
F. Scott Fitzgerald Novels
LTH
Pick 3 Villains
ddd62291
Trending Topics
Harry Potter
Anime
NBA
Crossword
Kpop
Marvel
Disney
Soccer
Song
WWE
The Office
Pokémon
NFL
Country
Puzzle
Your Account Isn't Verified!
In order to create a playlist on Sporcle, you need to verify the email address you used during registration. Go to your
Sporcle Settings
to finish the process.
Report this User
Report this user for behavior that violates our
Community Guidelines
.
Details:
Send Report
Go to the Sporcle.com Mobile Site →
Comments